GETS Theological Seminary Library

大人物小特寫 (Record no. 11639)

MARC details
000 -LEADER
fixed length control field 00502nam a2200181Ia 4500
008 - FIXED-LENGTH DATA ELEMENTS--GENERAL INFORMATION
fixed length control field 200815s9999||||xx |||||||||||||| ||und||
020 ## - INTERNATIONAL STANDARD BOOK NUMBER
International Standard Book Number 9577271502
020 ## - INTERNATIONAL STANDARD BOOK NUMBER
International Standard Book Number 9789577271501
041 ## - LANGUAGE CODE
Language code of text/sound track or separate title chi
050 ## - LIBRARY OF CONGRESS CALL NUMBER
Classification number PN3411
Item number .C472 2000
245 #0 - TITLE STATEMENT
Title 大人物小特寫
Remainder of title /
Statement of responsibility, etc. 周增祥輯譯
246 ## - VARYING FORM OF TITLE
Title proper/short title 大人物小特写
260 ## - PUBLICATION, DISTRIBUTION, ETC.
Place of publication, distribution, etc. 台北:
Name of publisher, distributor, etc. 財團法人基督教宇宙光全人關懷機構,
Date of publication, distribution, etc. 2000
300 ## - PHYSICAL DESCRIPTION
Extent 98 p. :
Other physical details ill. ;
Dimensions 19 cm.
650 ## - SUBJECT ADDED ENTRY--TOPICAL TERM
Topical term or geographic name entry element Prose.
700 ## - ADDED ENTRY--PERSONAL NAME
Personal name 周增祥
Holdings
Withdrawn status Lost status Damaged status Not for loan Home library Current library Shelving location Date acquired Total Checkouts Full call number Barcode Date last seen Price effective from Koha item type
        GETS Theological Seminary Library GETS Theological Seminary Library General Stacks 08/15/2020   PN3411 .C472 2000 00002494 08/15/2020 08/15/2020 Chinese Book
OpacCredits

Contact the Librarian, GETS Library
Email: library@mygets.org









Implemented by GETS Library
(Powered by ETCA Professional Group)
GETS Theological Seminary
412 E. Rowland Street, CA 91723